|
|
|
|
| LEADER |
00000nas a2200000 a 4500 |
| 001 |
ssj0022050 |
| 003 |
WaSeSS |
| 005 |
20200512172242.0 |
| 006 |
m d |
| 007 |
cr n |
| 008 |
031117c20039999enkbr pss 0 0eng c |
| 010 |
|
|
|a 2011236810
|
| 015 |
|
|
|a GBA417965
|2 bnb
|
| 015 |
|
|
|a GBA867608
|2 bnb
|
| 016 |
7 |
|
|a 012089650
|2 Uk
|
| 022 |
|
|
|a 1740-388X
|l 1472-4790
|y 1472-4790
|
| 035 |
|
|
|a (WaSeSS)ssj0022050
|
| 040 |
|
|
|a JHE
|b eng
|c JHE
|d OCL
|d OCLCQ
|d MUQ
|d UX1
|d UKMGB
|d NOC
|d AU@
|d TXJ
|d YYP
|d CEF
|d OCLCO
|d OCLCQ
|d IUL
|d OCLCF
|d OCLCA
|d OCL
|d OCLCO
|d OCL
|d OCLCO
|d OCLCQ
|d OCLCA
|d DLC
|d VT2
|d OCLCQ
|d OCLCO
|d WaSeSS
|
| 042 |
|
|
|a pcc
|
| 043 |
|
|
|a e------
|
| 050 |
0 |
0 |
|a D2009
|
| 082 |
0 |
4 |
|a 320.309405
|2 22
|
| 130 |
0 |
|
|a Comparative European politics (Houndmills, Basingstoke, England : Online)
|
| 222 |
|
0 |
|a Comparative European politics
|b (Online)
|
| 245 |
1 |
0 |
|a Comparative European politics
|h [electronic resource].
|
| 246 |
1 |
|
|i Also known as:
|a CEP
|
| 260 |
|
|
|a Houndmills, Basingstoke, Hampshire, England :
|b Palgrave Macmillan,
|c ©2003-
|
| 310 |
|
|
|a Bimonthly,
|b <2014->
|
| 321 |
|
|
|a Three no. a year
|
| 362 |
0 |
|
|a Vol. 1, no. 1 (Mar. 2003)-
|
| 500 |
|
|
|a Title from volume contents page (viewed Nov. 11, 2003).
|
| 506 |
|
|
|a License restrictions may limit access.
|
| 520 |
|
|
|a Focuses on the comparative politics and political economy of contemporary Europe within and beyond the European Union, the processes of European integration and enlargement, and the place of Europe and European states within international/global political and economic dynamics.
|
| 588 |
|
|
|a Latest issue consulted: Vol. 16, no. 4 (July 2018) (Springer Link, viewed July 20, 2018).
|
| 610 |
2 |
0 |
|a European Union
|v Periodicals.
|
| 610 |
2 |
7 |
|a European Union.
|2 fast
|0 (OCoLC)fst00916630
|
| 648 |
|
7 |
|a Since 1989
|2 fast
|
| 650 |
|
7 |
|a Economic policy.
|2 fast
|0 (OCoLC)fst00902025
|
| 650 |
|
7 |
|a International economic integration.
|2 fast
|0 (OCoLC)fst00976879
|
| 650 |
|
7 |
|a Diplomatic relations.
|2 fast
|0 (OCoLC)fst01907412
|
| 650 |
|
7 |
|a Politics and government
|2 fast
|0 (OCoLC)fst01919741
|
| 651 |
|
0 |
|a Europe
|x Politics and government
|y 1989-
|v Periodicals.
|
| 651 |
|
0 |
|a Europe
|x Economic policy
|v Periodicals.
|
| 651 |
|
0 |
|a Europe
|x Economic integration
|v Periodicals.
|
| 651 |
|
0 |
|a Europe
|x Foreign relations
|y 1989-
|v Periodicals.
|
| 651 |
|
6 |
|a Europe
|x Politique et gouvernement
|y 1989-
|v Périodiques.
|
| 651 |
|
6 |
|a Europe
|x Politique économique
|v Périodiques.
|
| 651 |
|
6 |
|a Europe
|x Intégration économique
|v Périodiques.
|
| 651 |
|
6 |
|a Europe
|x Relations extérieures
|y 1989-
|v Périodiques.
|
| 651 |
|
6 |
|a Pays de l'Union européenne
|v Périodiques.
|
| 651 |
|
7 |
|a Europe.
|2 fast
|0 (OCoLC)fst01245064
|
| 655 |
|
0 |
|a Electronic journals.
|
| 776 |
0 |
8 |
|i Print version:
|t Comparative European politics (Houndmills, Basingstoke, England)
|x 1472-4790
|w (DLC) 2003263923
|w (OCoLC)52368423
|
| 850 |
|
|
|a DLC
|
| 856 |
4 |
0 |
|z Full text available from Research Library: 03/01/2003 to 1 year ago
|u https://search.proquest.com/publication/43953
|